Statistiques concernant Culture Générale - Série 366

Cliquez ici pour prendre le quiz!

Statistiques générales

  • Ce quiz a été pris 132 fois
  • Le résultat moyen est 8 sur 10

Statistiques - réponses

QuestionRéponse% Correct
Quel animal est Azraël dans la bande dessinée "Les Schtroumpfs" ?Un chat
96%
Dans quel organe sensoriel du corps humain se situe la cornée ?Dans l'oeil
95%
Combien de lignes composent une portée musicale ?5
95%
Quelle est la nationalité d'un Sicilien ?Italienne
93%
Quel fruit sec peut être de Corinthe, de Smyrne ou de Malaga ?Le raisin
84%
Quel est le prénom du fils aîné du Prince Charles, héritier du trône d'Angleterre ?William
81%
Comment s'appelle l'école de sorcellerie d'Harry Potter ?Poudlard
80%
Quel est le participe présent du verbe savoir ?Sachant
79%
En 2008, quel acteur a incarné Mesrine dans une saga réalisée par Jean-François Richet ?Vincent Cassel
59%
En 1976, dans "Le Petit Rapporteur", quel comédien et humoriste nous a fait découvrir la ville de Montcuq ?Daniel Prévost
41%

Distribution des résultats

Percentile par nombre de réponses

% des personnes avec chaque résultat

Votre développement - résultats

Vous n’avez pas pris ce quiz